000 00222nam a2200097Ia 4500
005 20251222114357.0
008 251222s1900||||xx |||||||||||||| ||spa||
082 _aDVD0080/L85/1988
245 0 _aLa boca del lobo:
942 _cDVD
999 _c1498
_d1498